000 00640nam a2200181Ia 4500
008 180925s9999 xx 000 0 und d
100 _aKravitz, Richard H.
245 4 _aThe CPA Journal: the voice of the profession
245 _cThe CPA Journal: the voice of the profession
260 _bThe New york state society of certified public accountants
260 _c2018
300 _apages 6-80, May 2018
440 _aPlanning for risk: financial challenges throughout life
_vLXXXXVIII.5
650 _aAccountancy.
650 _aFinance, Public -- auditing.
650 _aLocal taxation -- laws and legislation.
942 _2lcc
_cSE
999 _c358874
_d358874